| 000 | 00718nam a2200253Ia 4500 | ||
|---|---|---|---|
| 003 | OSt | ||
| 005 | 20220918110404.0 | ||
| 006 | a|||||r|||| 00| 0 | ||
| 007 | ta | ||
| 008 | 220915b |||||||| |||| 00| 0 eng d | ||
| 024 | _a16621 | ||
| 037 | _cReference Collections | ||
| 040 |
_aARTS _cARTS _beng |
||
| 041 |
_2eng _aeng |
||
| 082 | _aO111:gk, L8 (RR) | ||
| 100 |
_aMurray Patrick _97516 |
||
| 245 | 0 |
_aLiterary criticism _b A glossary of major terms |
|
| 260 |
_aNew York _bLongman U. K. _c1978 |
||
| 300 | _a186p. | ||
| 500 | _aIncludes Bibliography | ||
| 650 | _aENGLISH LITERATURE | ||
| 942 |
_hO111:gk, L8 (RR) _cREF |
||
| 999 |
_c112537 _d112537 |
||